Understanding housing demand (Record no. 106966)
[ view plain ]
| 000 -LEADER | |
|---|---|
| fixed length control field | 01612cam a22002655a 4500 |
| 001 - CONTROL NUMBER | |
| control field | L137991 |
| 008 - FIXED-LENGTH DATA ELEMENTS--GENERAL INFORMATION | |
| fixed length control field | 070510s2007 xxk f 000 0 eng d |
| 020 ## - INTERNATIONAL STANDARD BOOK NUMBER | |
| International Standard Book Number | 9781905018406 |
| -- | 9781905018383 |
| 035 ## - SYSTEM CONTROL NUMBER | |
| System control number | (Sirsi) u137991 |
| 041 0# - LANGUAGE CODE | |
| Language code of text/sound track or separate title | eng |
| 050 04 - LIBRARY OF CONGRESS CALL NUMBER | |
| Classification number | 333.33 $2 18 |
| 100 1# - MAIN ENTRY--PERSONAL NAME | |
| Personal name | Hickman, Paul |
| 245 00 - TITLE STATEMENT | |
| Title | Understanding housing demand |
| Remainder of title | learning from rising markets in Yorkshire and the Humber |
| Medium | [electronic resource] |
| 260 ## - PUBLICATION, DISTRIBUTION, ETC. | |
| Place of publication, distribution, etc. | London |
| Name of publisher, distributor, etc. | Chartered Institute of Housing |
| Date of publication, distribution, etc. | 2007 |
| 520 ## - SUMMARY, ETC. | |
| Summary, etc. | Attempts to explain housing market demand by focusing on rising markets. Considers residential mobility to be affected by four factors: resources, identities, residential perceptions and notions of place. Distinct mobility groups are identified within the study's areas. Argues that greater analysis should be undertaken on what market fluctuations signify. Policy-makers should pay more attention to local people and motivational factors. They should be cautious when intervening in the market as groups may not react as a group or as intended. Concludes that the capacity to manage markets is limited. Attention should be paid to housing quality and neighbourhood function, rather than concentrating on price increases. |
| 590 ## - LOCAL NOTE (RLIN) | |
| Local note | KA |
| 651 #4 - SUBJECT ADDED ENTRY--GEOGRAPHIC NAME | |
| Geographic name | United Kingdom |
| Chronological subdivision | |
| 690 ## - LOCAL SUBJECT ADDED ENTRY--TOPICAL TERM (OCLC, RLIN) | |
| Topical term or geographic name as entry element | PROPERTY-RESIDENTIAL PROPERTY-RESIDENTIAL PROPERTY MARKET |
| 700 1# - ADDED ENTRY--PERSONAL NAME | |
| Personal name | Robinson, David |
| 700 1# - ADDED ENTRY--PERSONAL NAME | |
| Personal name | Casey, Rionach |
| 700 1# - ADDED ENTRY--PERSONAL NAME | |
| Personal name | Green, Stephen |
| 700 1# - ADDED ENTRY--PERSONAL NAME | |
| Personal name | Powell, Ryan |
| 856 40 - ELECTRONIC LOCATION AND ACCESS | |
| Uniform Resource Identifier | <a href="https://www.shu.ac.uk/cresr/publications/publication_downloads.html">https://www.shu.ac.uk/cresr/publications/publication_downloads.html</a> |
| Public note | View the item free of charge at www.shu.ac.uk... |
| 942 ## - ADDED ENTRY ELEMENTS (KOHA) | |
| Suppress in OPAC | 0 |
| Withdrawn status | Lost status | Source of classification or shelving scheme | Damaged status | Not for loan | Home library | Current library | Shelving location | Date acquired | Total Checkouts | Full call number | Barcode | Date last seen | Copy number | Price effective from | Koha item type |
|---|---|---|---|---|---|---|---|---|---|---|---|---|---|---|---|
| Dewey Decimal Classification | Virtual | Virtual | Online | 11/05/2007 | ONLINE PUBLICATION | 137991-2001 | 06/08/2019 | 1 | 06/08/2019 | Book |